000
00300nam a22001097a 4500
082
_a
600/ABR
100
_a
Abrol,Hitesh
_9
83113
245
_a
DIGITAL DISTRACTION Unplugging the digital abyss and reclaiming our Attention
260
_a
Meerut
_b
Literary Lounge
_c
2023
650
_a
IT
_9
83114
942
_c
BK
999
_c
67895
_d
67895